000 00449nam a2200169Ia 4500
003 GCL
008 140319s9999 xx 000 0 eng d
040 _aGCL /
_cGCL
082 0 4 _a550
_bL E
100 1 _aLUTGENS, FREDERICK K.
245 1 0 _aESSENTIALS OF GEOLOGY /
_cLUTGENS, FREDERICK K.
700 1 _aTARBUCK, EDWARD J.
260 _a[S.N] :
_bMACMILLAN PUBLESHING COMPANY ،
_c1992
300 _a450 P
650 0 4 _aGEOLOGY
942 _2ddc
_cBK
999 _c16956
_d16956